Prehľad aktuálnej judikatúry Všeobecného súdu EÚ v oblasti práva ochranných známok

Niektoré zaujímavé judikáty Všeobecného súdu EÚ v oblasti práva ochranných známok. Výber sleduje aktuálne rozsudky, ktoré sa zaoberajú procesnými otázkami, ale tiež rozsudky, ktoré prinášajú inšpiratívne riešenia týkajúce sa preukazovania dobrého mena ochrannej známky, rozlišovacej spôsobilosti, sku...

Descripción completa

Guardado en:
Detalles Bibliográficos
Autor principal: Stec, Andrej
Formato: Capítulo de libro
Lenguaje:eslovaco
Materias:
Etiquetas: Agregar Etiqueta
Sin Etiquetas, Sea el primero en etiquetar este registro!

MARC

LEADER 00000naa a2200000 4500
001 0235953
005 20220803165532.8
041 0 |a slo 
044 |a SK 
245 1 0 |a Prehľad aktuálnej judikatúry Všeobecného súdu EÚ v oblasti práva ochranných známok  |c Andrej Stec 
520 |a Niektoré zaujímavé judikáty Všeobecného súdu EÚ v oblasti práva ochranných známok. Výber sleduje aktuálne rozsudky, ktoré sa zaoberajú procesnými otázkami, ale tiež rozsudky, ktoré prinášajú inšpiratívne riešenia týkajúce sa preukazovania dobrého mena ochrannej známky, rozlišovacej spôsobilosti, skutočného užívania, pravdepodobnosti zámeny či dostatočnosti odôvodnenia odvolacím senátom EUIPO. 
610 2 0 |a vlastníctvo duševné 
610 2 0 |a legislatíva 
610 2 0 |a známky ochranné 
610 2 0 |a Slovensko 
610 2 0 |a Súdny dvor Európskej únie 
100 1 |a Stec, Andrej